| 000 | 00663 a2200253 4500 | ||
|---|---|---|---|
| 001 | 111423 | ||
| 020 | _a0590431625 | ||
| 020 | _a0758741588 (BWI bdg.) | ||
| 041 | _apor | ||
| 082 | _aAP Toddler 629 | ||
| 100 | _aBaer, Edith. | ||
| 250 | _a. ed. | ||
| 300 | _a(38) p. | ||
| 490 | _aBlue Ribbon book | ||
| 697 | _aVehicles. | ||
| 697 | _aTransportation. | ||
| 830 | _aBlue Ribbon book | ||
| 856 | _u00001d/00001da8.jpg | ||
| 040 |
_aBR-BrIDEA _cBR-BrIDEA |
||
| 090 |
_aAP Toddler 629 _bBAE |
||
| 245 | 1 | 0 |
_aThis is the way we go to school _ba book about children around the world _c Edith Baer |
| 260 |
_aNew York _bScholastic _c1990 |
||
| 942 | _cBK | ||
| 999 |
_c111423 _d111423 |
||